| 000 -LEADER |
| fixed length control field |
02417cas a2200613 a 4500 |
| 001 - CONTROL NUMBER |
| control field |
11363686 |
| 005 - DATE AND TIME OF LATEST TRANSACTION |
| control field |
20190912070924.0 |
| 008 - FIXED-LENGTH DATA ELEMENTS--GENERAL INFORMATION |
| fixed length control field |
850423c19uu9999iluar f 0 a0eng |
| 010 ## - LIBRARY OF CONGRESS CONTROL NUMBER |
| LC control number |
89659517 |
| Canceled/invalid LC control number |
sc 85004199 |
| 016 7# - NATIONAL BIBLIOGRAPHIC AGENCY CONTROL NUMBER |
| Record control number |
980097789 |
| Source |
DE-101 |
| 016 7# - NATIONAL BIBLIOGRAPHIC AGENCY CONTROL NUMBER |
| Record control number |
2238806-0 |
| Source |
DE-600 |
| 022 0# - INTERNATIONAL STANDARD SERIAL NUMBER |
| International Standard Serial Number |
1042-2552 |
| ISSN-L |
1042-2552 |
| Source |
1 |
| 035 ## - SYSTEM CONTROL NUMBER |
| System control number |
(OCoLC)ocm11951319 |
| 040 ## - CATALOGING SOURCE |
| Original cataloging agency |
AGL |
| Language of cataloging |
eng |
| Transcribing agency |
AGL |
| Modifying agency |
DLC |
| -- |
NST |
| -- |
DLC |
| -- |
NSD |
| -- |
OCL |
| -- |
DLC |
| -- |
NST |
| -- |
OCL |
| -- |
OCLCQ |
| -- |
GBVCP |
| -- |
DEBSZ |
| -- |
OCLCO |
| -- |
OCLCQ |
| -- |
OCLCF |
| -- |
OCLCA |
| -- |
OCL |
| -- |
S3O |
| -- |
OCLCQ |
| 042 ## - AUTHENTICATION CODE |
| Authentication code |
pcc |
| -- |
nsdp |
| 050 00 - LIBRARY OF CONGRESS CALL NUMBER |
| Classification number |
TA725 |
| Item number |
.C38 |
| 070 0# - NATIONAL AGRICULTURAL LIBRARY CALL NUMBER |
| Classification number |
TA725.C32 |
| 072 #0 - SUBJECT CATEGORY CODE |
| Subject category code |
N200 |
| 082 00 - DEWEY DECIMAL CLASSIFICATION NUMBER |
| Classification number |
629.225 |
| Edition number |
20 |
| 210 0# - ABBREVIATED TITLE |
| Abbreviated title |
Caterp. perform. handb. |
| 222 #0 - KEY TITLE |
| Key title |
Caterpillar performance handbook |
| 245 00 - TITLE STATEMENT |
| Title |
Caterpillar performance handbook. |
| 246 18 - VARYING FORM OF TITLE |
| Title proper/short title |
Performance handbook |
| 260 ## - PUBLICATION, DISTRIBUTION, ETC. |
| Place of publication, distribution, etc. |
[Peoria, Ill.] : |
| Name of publisher, distributor, etc. |
[Caterpillar Tractor Co.] |
| 300 ## - PHYSICAL DESCRIPTION |
| Extent |
volumes : |
| Other physical details |
illustrations ; |
| Dimensions |
19-19 x 21 cm |
| 310 ## - CURRENT PUBLICATION FREQUENCY |
| Current publication frequency |
Annual |
| 336 ## - CONTENT TYPE |
| Content type term |
text |
| Content type code |
txt |
| Source |
rdacontent |
| 337 ## - MEDIA TYPE |
| Media type term |
unmediated |
| Media type code |
n |
| Source |
rdamedia |
| 338 ## - CARRIER TYPE |
| Carrier type term |
volume |
| Carrier type code |
nc |
| Source |
rdacarrier |
| 500 ## - GENERAL NOTE |
| General note |
Publisher: Caterpillar Inc., <1988->. |
| 588 ## - SOURCE OF DESCRIPTION NOTE |
| Source of description note |
Description based on: Ed. 8, published 1977; title from cover. |
| 588 ## - SOURCE OF DESCRIPTION NOTE |
| Source of description note |
Latest issue consulted: Ed. 19 (Oct. 1988). |
| 590 ## - LOCAL NOTE (RLIN) |
| Local note |
SERBIB/SERLOC merged record |
| 650 #0 - SUBJECT ADDED ENTRY--TOPICAL TERM |
| Topical term or geographic name entry element |
Earthmoving machinery |
| Form subdivision |
Handbooks, manuals, etc. |
| 9 (RLIN) |
20227 |
| 650 #0 - SUBJECT ADDED ENTRY--TOPICAL TERM |
| Topical term or geographic name entry element |
Industrial power trucks |
| Form subdivision |
Handbooks, manuals, etc. |
| 9 (RLIN) |
20228 |
| 650 #0 - SUBJECT ADDED ENTRY--TOPICAL TERM |
| Topical term or geographic name entry element |
Farm tractors |
| Form subdivision |
Handbooks, manuals, etc. |
| 9 (RLIN) |
20229 |
| 650 #3 - SUBJECT ADDED ENTRY--TOPICAL TERM |
| Topical term or geographic name entry element |
Earthmoving machinery |
| Form subdivision |
Handbooks, manuals, etc. |
| 9 (RLIN) |
20227 |
| 650 #3 - SUBJECT ADDED ENTRY--TOPICAL TERM |
| Topical term or geographic name entry element |
Industrial power trucks |
| Form subdivision |
Handbooks, manuals, etc. |
| 9 (RLIN) |
20228 |
| 650 #3 - SUBJECT ADDED ENTRY--TOPICAL TERM |
| Topical term or geographic name entry element |
Farm tractors |
| Form subdivision |
Handbooks, manuals, etc. |
| 9 (RLIN) |
20229 |
| 650 #7 - SUBJECT ADDED ENTRY--TOPICAL TERM |
| Topical term or geographic name entry element |
Earthmoving machinery. |
| Source of heading or term |
fast |
| Authority record control number or standard number |
(OCoLC)fst00900805 |
| 9 (RLIN) |
20230 |
| 650 #7 - SUBJECT ADDED ENTRY--TOPICAL TERM |
| Topical term or geographic name entry element |
Farm tractors. |
| Source of heading or term |
fast |
| Authority record control number or standard number |
(OCoLC)fst00921282 |
| 9 (RLIN) |
20231 |
| 650 #7 - SUBJECT ADDED ENTRY--TOPICAL TERM |
| Topical term or geographic name entry element |
Industrial power trucks. |
| Source of heading or term |
fast |
| Authority record control number or standard number |
(OCoLC)fst00971462 |
| 9 (RLIN) |
20232 |
| 650 #7 - SUBJECT ADDED ENTRY--TOPICAL TERM |
| Topical term or geographic name entry element |
Traktorer |
| Form subdivision |
handböcker, manualer. |
| Source of heading or term |
sao |
| 9 (RLIN) |
20233 |
| 655 #7 - INDEX TERM--GENRE/FORM |
| Genre/form data or focus term |
Handbooks and manuals. |
| Source of term |
fast |
| Authority record control number |
(OCoLC)fst01423877 |
| 9 (RLIN) |
280 |
| 710 2# - ADDED ENTRY--CORPORATE NAME |
| Corporate name or jurisdiction name as entry element |
Caterpillar Tractor Company. |
| 9 (RLIN) |
20234 |
| 710 2# - ADDED ENTRY--CORPORATE NAME |
| Corporate name or jurisdiction name as entry element |
Caterpillar Inc. |
| 9 (RLIN) |
20235 |
| 890 ## - |
| -- |
Caterpillar performance handbook. |
| -- |
89-659517 |
| 906 ## - LOCAL DATA ELEMENT F, LDF (RLIN) |
| a |
7 |
| b |
cbc |
| c |
serials |
| d |
3 |
| e |
ncip |
| f |
19 |
| g |
n-oclcserc |
| 920 ## - |
| -- |
Keep 1 |
| 991 ## - |
| -- |
c-GenColl |
| -- |
TA725 |
| -- |
.C38 |
| -- |
SERIALS |
| 992 ## - |
| -- |
B/L |
| -- |
SERLOC |